Statistics for Ecuador First Level Subdivisions

Click here to take the quiz!

General Stats

  • This quiz has been taken 90 times
  • The average score is 12 of 24

Answer Stats

Provincias% Correct
Galápagos
82%
Guayas
68%
Esmeraldas
63%
Chimborazo
58%
Pichincha
58%
Azuay
55%
Bolívar
55%
Morona Santiago
53%
Carchi
50%
El Oro
50%
Loja
50%
Pastaza
50%
Orellana
47%
Santa Elena
47%
Cañar
45%
Cotopaxi
45%
Imbabura
45%
Los Ríos
45%
Manabí
45%
Sucumbíos
45%
Napo
42%
Santo Domingo de los Tsáchilas
42%
Tungurahua
37%
Zamora-Chinchipe
37%

Score Distribution

Percentile by Number Answered

Percent of People with Each Score

Your Score History

You have not taken this quiz